000 00746nam a2200253Ia 4500
003 OSt
005 20220927102934.0
006 a|||||r|||| 00| 0
007 ta
008 220926b |||||||| |||| 00| 0 eng d
024 _a57147
037 _cReference Collections
040 _aRTL
_cRTL
_beng
041 _2eng
_aeng
082 _a"X:95854, J9/UN"
110 _aINTERNATIONAL LABOUR OFFICE.
_9351154
245 0 _aCost of medical care.
260 _aGeneva
_bInternational Labour Office
_c1959
300 _a"ix, 216p."
_ccm.
650 _aLabour Economics-Medical Security
_9351155
700 _aINTERNATIONAL LABOUR OFFICE.
_9351156
942 _h"X:95854, J9/UN"
_cCC
999 _c679374
_d679374